000
00192 a2200097 4500
020
_a
0786840080
041
_a
spa
100
_a
Disney, Walt
245
_a
La Navidad de Winnnie Puh
942
_c
BK
999
_c
28068
_d
28068